000 00422nam a2200157 4500
001 126896
003 ES-MaACL
005 20230906192912.0
007 t|
008 070214s1933 po r ||||1| por d
100 1 _aRibeiro, Herlandér.
_996754
245 1 0 _aUma semana em Marrocos /
_cHerlandér Ribeiro.
260 _aLisboa :
_bH. Ribeiro,
_c1933.
300 _a110 p. ;
_c23 x 16 cm.
852 _aES-MaACL
_j1799-F-3
999 _c126896
_d126896